[Event "Pardubice Open A"]
[Site "?"]
[Date "2015.07.28"]
[Round "5.57"]
[White "MOEHN, Hans"]
[Black "MITUROVA, Magdalena"]
[Result "1-0"]
[WhiteElo "2372"]
[BlackElo "2149"]
[PlyCount "275"]
[EventDate "2015.??.??"]
[WhiteClock "0:01:04"]
[BlackClock "0:01:18"]

1. d4 Nf6 2. Nf3 e6 3. c4 Bb4+ 4. Nbd2 b6 5. a3 Bxd2+ 6. Qxd2 a5 7. b3 Bb7 8.
e3 Ne4 9. Qc2 O-O 10. Bd3 f5 11. O-O Rf6 12. Nd2 Rh6 13. f3 Qh4 14. fxe4 Qxh2+
15. Kf2 Rf6 16. Ke1 Qh4+ 17. Kd1 fxe4 18. Be2 Rg6 19. g4 Na6 20. Nxe4 Rxg4 21.
Nc3 Rg2 22. Qd3 Rf8 23. Rxf8+ Kxf8 24. Kd2 Nb4 25. axb4 axb4 26. Nd5 exd5 27.
Ra7 Rg1 28. Kc2 Qe1 29. Qd2 dxc4 30. Rxb7 cxb3+ 31. Kxb3 Qxc1 32. Qxb4+ c5 33.
Qc3 Qb1+ 34. Ka3 Rc1 35. Qb2 Qxb2+ 36. Kxb2 Re1 37. Bb5 Rxe3 38. d5 Re4 39.
Bxd7 Rb4+ 40. Kc3 Ke7 41. Bc6+ Kd6 42. Rxg7 h5 43. Rg6+ Kc7 44. Rg7+ Kd6 45.
Rd7+ Ke5 46. Re7+ Kd6 47. Rd7+ Ke5 48. Rh7 h4 49. Rh6 Rd4 50. Re6+ Kf5 51. Rh6
Ke5 52. Re6+ Kf5 53. Re3 Kf4 54. Rh3 Ke5 55. Rh1 b5 56. Re1+ Kd6 57. Re6+ Kc7
58. Re7+ Kd6 59. Re6+ Kc7 60. Re7+ Kd6 61. Rh7 Ke5 62. Rh5+ Kd6 63. Bxb5 Rxd5
64. Rh6+ Kc7 65. Rxh4 Kb6 66. Bc4 Rd6 67. Rh5 Kc6 68. Rg5 Rd4 69. Rg6+ Rd6 70.
Bb5+ Kc7 71. Rg8 Rd4 72. Rg6 Rd6 73. Rg5 Kb6 74. Bd3 Kc6 75. Be4+ Kb5 76. Bd5
Rh6 77. Bc4+ Kc6 78. Kb3 Kb6 79. Ka4 Rd6 80. Rg8 Rh6 81. Rb8+ Kc7 82. Ra8 Rb6
83. Ka5 Rb8 84. Ra6 Rb1 85. Rh6 Rg1 86. Kb5 Rg5 87. Rc6+ Kd7 88. Rh6 Kc7 89.
Rh1 Re5 90. Rd1 Rg5 91. Bd5 Kd6 92. Bc6+ Ke6 93. Rh1 Re5 94. Rh6+ Kf5 95. Kc4
Kg5 96. Rd6 Rf5 97. Bd5 Rf6 98. Rd8 Kf4 99. Kxc5 Ke3 100. Re8+ Kf4 101. Kd4 Kg5
102. Rg8+ Rg6 103. Ra8 Rf6 104. Ra1 Rf4+ 105. Be4 Rf8 106. Rg1+ Kf6 107. Rg6+
Kf7 108. Rb6 Kg7 109. Ke5 Re8+ 110. Kf5 Rf8+ 111. Kg5 Kf7 112. Bf5 Ke7 113. Kf4
Ra8 114. Re6+ Kd8 115. Rc6 Ke7 116. Be6 Ra5 117. Ke4 Kf6 118. Bd5+ Kg5 119. Ke5
Ra4 120. Rc7 Kh4 121. Rc3 Rg4 122. Be4 Rg3 123. Rc2 Rg5+ 124. Bf5 Rg1 125. Rc3
Kg5 126. Re3 Rg2 127. Be4 Rg1 128. Bf5 Rg2 129. Re1 Rg3 130. Rf1 Re3+ 131. Be4
Rg3 132. Rf8 Kg4 133. Rg8+ Kh3 134. Rh8+ Kg4 135. Rh7 Ra3 136. Rg7+ Kh3 137.
Kf4 Kh2 138. Rg2+ 1-0

[Event "Pardubice Open A"]
[Site "?"]
[Date "2015.07.28"]
[Round "5.58"]
[White "KOLOLLI, Kevin"]
[Black "SEGER, Ruediger"]
[Result "1/2-1/2"]
[WhiteElo "2203"]
[BlackElo "2371"]
[PlyCount "77"]
[EventDate "2015.??.??"]
[WhiteClock "0:56:32"]
[BlackClock "0:03:46"]

1. e4 c5 2. Nf3 Nc6 3. c3 Nf6 4. e5 Nd5 5. d4 cxd4 6. Bc4 e6 7. cxd4 d6 8. O-O
Nb6 9. Bb5 dxe5 10. Nxe5 Bd7 11. Nc3 Be7 12. Be3 O-O 13. Nxd7 Qxd7 14. Rc1 Rac8
15. d5 Nxd5 16. Bxa7 Rfd8 17. Nxd5 Qxd5 18. Qxd5 Rxd5 19. Bxc6 bxc6 20. Be3 Ra5
21. a3 Bf6 22. Rc2 h5 23. Rfc1 Rb8 24. Bd2 Rf5 25. Bb4 Bd4 26. Kf1 Rbb5 27. Re2
c5 28. Bc3 Rb3 29. f3 Rd5 30. Rd2 Be3 31. Rxd5 exd5 32. Rc2 d4 33. Bd2 Bxd2 34.
Rxd2 Kf8 35. Rc2 d3 36. Rxc5 Rxb2 37. Rd5 d2 38. Ke2 Ra2 39. Rxd2 1/2-1/2

[Event "Pardubice Open A"]
[Site "?"]
[Date "2015.07.28"]
[Round "5.59"]
[White "VYKOUK, Jan"]
[Black "VYSKOCIL, Neklan"]
[Result "1-0"]
[WhiteElo "2182"]
[BlackElo "2370"]
[PlyCount "109"]
[EventDate "2015.??.??"]
[WhiteClock "0:56:54"]
[BlackClock "0:15:48"]

1. e4 Nf6 2. e5 Nd5 3. c4 Nb6 4. d4 d6 5. exd6 exd6 6. Nc3 Be7 7. Bd3 O-O 8. h3
Nc6 9. Nge2 Bf6 10. O-O Re8 11. b3 a5 12. Be3 Nb4 13. Rc1 Nxd3 14. Qxd3 g6 15.
Rfd1 a4 16. c5 dxc5 17. dxc5 Qxd3 18. Rxd3 Bf5 19. Rd2 Nd7 20. Nxa4 Ne5 21.
Nac3 Nd3 22. Rcd1 Nb4 23. g4 Be6 24. Nb5 Rec8 25. Nf4 Nxa2 26. Nxe6 fxe6 27.
Rd7 Nc3 28. Nxc3 Bxc3 29. Re7 Ra1 30. Rxa1 Bxa1 31. Rxe6 Kf7 32. Re4 Bf6 33.
Rb4 Rb8 34. Bf4 Bd8 35. c6 b5 36. Rd4 Ke6 37. Rd7 Rc8 38. Kg2 h5 39. Kf3 g5 40.
Bh2 h4 41. Ke4 Ra8 42. f4 gxf4 43. Bxf4 Be7 44. Rxc7 Ra3 45. Rb7 Rxb3 46. c7
Rb4+ 47. Kf3 Rb3+ 48. Ke2 Kd7 49. c8=Q+ Kxc8 50. Rxe7 Rxh3 51. g5 Kd8 52. Rb7
Rh1 53. g6 Rg1 54. g7 Ke8 55. Be5 1-0

[Event "Pardubice Open A"]
[Site "?"]
[Date "2015.07.28"]
[Round "5.60"]
[White "CHERNYSHOV, Konstantin"]
[Black "TOPORKOVA, Sofia"]
[Result "1-0"]
[WhiteElo "2529"]
[BlackElo "1953"]
[PlyCount "61"]
[EventDate "2015.??.??"]
[WhiteClock "1:04:34"]
[BlackClock "0:13:55"]

1. Nf3 d5 2. g3 c6 3. Bg2 Bg4 4. O-O Nd7 5. d3 e5 6. Nbd2 Be7 7. h3 Bh5 8. e4
d4 9. c3 dxc3 10. bxc3 Nc5 11. g4 Bg6 12. Nxe5 Nxd3 13. Ndc4 Nxe5 14. Nxe5 Bc5
15. Qb3 Qb6 16. Nc4 Qc7 17. Bf4 Qe7 18. Rad1 Rd8 19. Rxd8+ Kxd8 20. Nd6 Bxd6
21. Bxd6 Qe6 22. Bf8 Qxb3 23. axb3 Ne7 24. Rd1+ Ke8 25. Bxg7 Rg8 26. Bf6 h5 27.
g5 a5 28. f4 h4 29. Bf3 c5 30. f5 Bh7 31. Be2 1-0

[Event "Pardubice Open A"]
[Site "?"]
[Date "2015.07.28"]
[Round "5.61"]
[White "FELDTMANN, Thomas"]
[Black "PECHAC, Jergus"]
[Result "0-1"]
[WhiteElo "2255"]
[BlackElo "2511"]
[PlyCount "80"]
[EventDate "2015.??.??"]
[WhiteClock "0:03:12"]
[BlackClock "1:00:36"]

1. e4 c5 2. Nf3 e6 3. c4 a6 4. Nc3 Nc6 5. Be2 g6 6. d4 cxd4 7. Nxd4 Bg7 8. Nxc6
bxc6 9. Be3 Qa5 10. Qd2 Rb8 11. O-O Ne7 12. Rac1 Qb4 13. Rc2 O-O 14. f4 d5 15.
f5 gxf5 16. exd5 cxd5 17. cxd5 Nxd5 18. Nxd5 exd5 19. Qxd5 Bb7 20. Qc5 Be4 21.
Qxb4 Rxb4 22. Rd2 Re8 23. Bxa6 Bxb2 24. Bc5 Rbb8 25. a4 Bc3 26. Re2 h5 27. Bb5
Red8 28. Be7 Bd4+ 29. Kh1 Rdc8 30. Bd6 Rb6 31. Bf4 Rg6 32. h3 Rc3 33. Kh2 h4
34. Rd1 Bb6 35. Rc1 Rxc1 36. Bxc1 Bc7+ 37. Kg1 Rg3 38. Be3 Rxe3 39. Rxe3 Bb6
40. Kf2 f4 0-1

[Event "Pardubice Open A"]
[Site "?"]
[Date "2015.07.28"]
[Round "5.62"]
[White "NAKAR, Eylon"]
[Black "PASZEWSKI, Mateusz"]
[Result "1-0"]
[WhiteElo "2479"]
[BlackElo "2252"]
[PlyCount "141"]
[EventDate "2015.??.??"]
[WhiteClock "0:04:33"]
[BlackClock "0:08:01"]

1. e4 c5 2. Nf3 Nc6 3. Bb5 g6 4. Bxc6 dxc6 5. d3 Bg7 6. h3 Nf6 7. O-O O-O 8.
Be3 b6 9. Nc3 Ne8 10. Qd2 e5 11. Kh1 Nc7 12. Bh6 Qd6 13. Bxg7 Kxg7 14. Nh2 h5
15. f4 exf4 16. Rxf4 Ne6 17. Rf2 Nd4 18. Raf1 Be6 19. Qg5 f5 20. Nf3 Qd8 21.
Qg3 Nxf3 22. Rxf3 Qb8 23. Qg5 Qd8 24. Qg3 Qb8 25. e5 Qc7 26. Ne2 Qf7 27. Nf4
Kh6 28. h4 Rad8 29. Qg5+ Kh7 30. Rg3 Rg8 31. Qf6 Rde8 32. Nh3 Qxf6 33. exf6
Rgf8 34. Ng5+ Kg8 35. Nxe6 Rxe6 36. Rxg6+ Kh7 37. Rg5 Rexf6 38. Rxh5+ Kg6 39.
Rg5+ Kh6 40. Rf4 Re8 41. Kg1 Re2 42. Rf2 Re1+ 43. Rf1 Re2 44. Rf2 Re1+ 45. Kh2
Ra1 46. a3 f4 47. Kh3 Rh1+ 48. Kg4 Rh2 49. Rh5+ Kg6 50. Re5 f3 51. Kg3 Rxg2+
52. Rxg2 fxg2 53. Kxg2 Rf4 54. Re4 Rf7 55. Re6+ Kh5 56. Rxc6 Kxh4 57. Rg6 c4
58. dxc4 Rc7 59. b3 b5 60. Rd6 bxc4 61. Rd4+ Kg5 62. Rxc4 Rxc4 63. bxc4 Kf4 64.
Kf2 Ke4 65. c3 Ke5 66. Ke3 Kd6 67. Kd4 Kc6 68. c5 Kd7 69. Kd5 Kc7 70. c6 Kc8
71. Kd6 1-0

[Event "Pardubice Open A"]
[Site "?"]
[Date "2015.07.28"]
[Round "5.63"]
[White "BIOLEK, Richard Jr"]
[Black "FUCHS, Florian"]
[Result "1-0"]
[WhiteElo "2457"]
[BlackElo "2250"]
[PlyCount "69"]
[EventDate "2015.??.??"]
[WhiteClock "0:13:19"]
[BlackClock "0:04:24"]

1. d4 Nf6 2. c4 g6 3. Nc3 Bg7 4. e4 d6 5. f3 O-O 6. Be3 a6 7. Qd2 Nc6 8. Nge2
Rb8 9. Nc1 e5 10. d5 Nd4 11. Nb3 c5 12. dxc6 bxc6 13. Nxd4 exd4 14. Bxd4 d5 15.
cxd5 cxd5 16. e5 Nd7 17. f4 f6 18. e6 Re8 19. Be2 Nf8 20. f5 gxf5 21. O-O Nxe6
22. Bf3 Bb7 23. Ba7 Ra8 24. Bf2 Qa5 25. b4 Qxb4 26. Rab1 Qe7 27. Rfe1 Rad8 28.
Rxe6 Qxe6 29. Rxb7 d4 30. Ne2 d3 31. Nd4 Rxd4 32. Bxd4 Bh6 33. Qxd3 Rd8 34. Kf1
Qxa2 35. Bd1 1-0

[Event "Pardubice Open A"]
[Site "?"]
[Date "2015.07.28"]
[Round "5.64"]
[White "LUGOVSKOY, Maxim"]
[Black "KULON, Klaudia"]
[Result "1-0"]
[WhiteElo "2432"]
[BlackElo "2240"]
[PlyCount "119"]
[EventDate "2015.??.??"]
[WhiteClock "0:20:34"]
[BlackClock "0:15:22"]

1. e4 c5 2. Nf3 Nc6 3. c3 Nf6 4. e5 Nd5 5. d4 cxd4 6. cxd4 d6 7. Bc4 Nb6 8. Bb3
d5 9. Nh4 e6 10. Nf3 Be7 11. Nc3 O-O 12. O-O Bd7 13. Bc2 f5 14. exf6 Bxf6 15.
h4 Bxh4 16. g3 Bf6 17. Kg2 g6 18. Rh1 Bg7 19. Bg5 Qe8 20. Ne5 Nxe5 21. dxe5 Bc6
22. Qd4 Nd7 23. f4 Qf7 24. Bh6 Bxe5 25. fxe5 Qf3+ 26. Kh3 Qh5+ 27. Qh4 Qxh4+
28. Kxh4 Rf2 29. Ba4 Nxe5 30. Bxc6 bxc6 31. Na4 d4 32. Raf1 Re2 33. Nc5 Rb8 34.
Kh3 Nf7 35. Bc1 Rb5 36. Nd7 d3 37. Nf6+ Kg7 38. Ne8+ Kg8 39. Nf6+ Kh8 40. Rh2
Kg7 41. g4 Nd6 42. Rhf2 h5 43. b3 hxg4+ 44. Nxg4 Rf5 45. Rxe2 Rxf1 46. Bb2+ Kh7
47. Rd2 Ne4 48. Rxd3 Nf2+ 49. Nxf2 Rxf2 50. Rd7+ Kg8 51. Bd4 Rxa2 52. Bxa7 Rc2
53. b4 e5 54. Bc5 Rc4 55. Re7 Kf8 56. Rxe5+ Kf7 57. Re7+ Kf6 58. Rc7 Kg5 59.
Rxc6 Rc3+ 60. Kg2 1-0

[Event "Pardubice Open A"]
[Site "?"]
[Date "2015.07.28"]
[Round "5.65"]
[White "AKESSON, Ralf"]
[Black "ZAKSAITE, Salomeja"]
[Result "1-0"]
[WhiteElo "2428"]
[BlackElo "2237"]
[PlyCount "111"]
[EventDate "2015.??.??"]
[WhiteClock "0:04:45"]
[BlackClock "0:05:56"]

1. Nf3 Nf6 2. c4 g6 3. Nc3 d5 4. cxd5 Nxd5 5. Qa4+ Bd7 6. Qc2 Nb4 7. Qb1 c5 8.
a3 N4c6 9. b4 cxb4 10. axb4 Bf5 11. e4 Bg4 12. b5 Na5 13. Ng5 b6 14. h3 Bc8 15.
Bb2 Bh6 16. Nf3 O-O 17. d4 e5 18. Nxe5 Nb3 19. Ra4 Bd2+ 20. Ke2 Bf4 21. Nf3 Be6
22. g3 Bh6 23. Bg2 Qc8 24. Rd1 Re8 25. Kf1 Bxh3 26. Nd5 Bxg2+ 27. Kxg2 Nd7 28.
Ba3 Na5 29. Ne7+ Rxe7 30. Bxe7 a6 31. Bg5 Bg7 32. Rc1 Qe8 33. bxa6 Rxa6 34. Qb5
Ra7 35. e5 Qa8 36. Ra3 h6 37. Bd2 g5 38. Rac3 Bf8 39. Kg1 Qe4 40. Re3 Qf5 41.
Kg2 Qg6 42. Qd3 Qe6 43. d5 Qe8 44. e6 Nc5 45. Qf5 fxe6 46. dxe6 Nc6 47. Bc3 Re7
48. Rce1 Bg7 49. Bxg7 Kxg7 50. Nh2 Qg6 51. Qd5 Qe8 52. Ng4 Qc8 53. Qf5 Qf8 54.
Nxh6 Nd8 55. Qxg5+ Kh8 56. Nf7+ 1-0

[Event "Pardubice Open A"]
[Site "?"]
[Date "2015.07.28"]
[Round "5.66"]
[White "BLAHYNKA, Martin"]
[Black "TSAKNAKIS, Zisis"]
[Result "0-1"]
[WhiteElo "2420"]
[BlackElo "2235"]
[PlyCount "74"]
[EventDate "2015.??.??"]
[WhiteClock "0:01:22"]
[BlackClock "0:13:29"]

1. d4 Nf6 2. c4 g6 3. Nc3 Bg7 4. Nf3 O-O 5. Bg5 c5 6. e3 cxd4 7. exd4 d5 8.
Bxf6 Bxf6 9. Nxd5 Bg7 10. Nc3 Bg4 11. Be2 Nc6 12. d5 Bxf3 13. gxf3 Nd4 14. h4
Rc8 15. Bd3 Qd6 16. Kf1 Qf4 17. Rh3 Nf5 18. Ne2 Qe5 19. Rb1 Nd6 20. Qb3 Nxc4
21. Qb4 a5 22. Qe1 Nxb2 23. Rxb2 Qxb2 24. h5 Qa1 25. Bb1 Rc5 26. hxg6 hxg6 27.
Kg2 Rb5 28. Rh1 Rxd5 29. Ng3 Re5 30. Qg1 Qd4 31. Qh2 f5 32. Qh7+ Kf7 33. Rh6
Re6 34. Bxf5 gxf5 35. Nxf5 Rxh6 36. Nxh6+ Ke6 37. Qg6+ Kd7 0-1

[Event "Pardubice Open A"]
[Site "?"]
[Date "2015.07.28"]
[Round "5.67"]
[White "CAMARENA GIMENEZ, Rufino"]
[Black "KARAS, Marek"]
[Result "0-1"]
[WhiteElo "2378"]
[BlackElo "2227"]
[PlyCount "72"]
[EventDate "2015.??.??"]
[WhiteClock "0:03:56"]
[BlackClock "0:10:01"]

1. d4 Nf6 2. c4 e6 3. Nf3 b6 4. a3 Bb7 5. Nc3 d5 6. cxd5 Nxd5 7. Qc2 Be7 8. e4
Nxc3 9. bxc3 O-O 10. Bd3 c5 11. Qe2 Qc7 12. O-O Nc6 13. e5 Na5 14. Be3 cxd4 15.
cxd4 Rac8 16. Ng5 h6 17. Ne4 Bxe4 18. Bxe4 Nc4 19. Rfc1 b5 20. a4 a6 21. Bb1
Qd7 22. Qd3 f5 23. exf6 Rxf6 24. Qh7+ Kf7 25. Be4 Nxe3 26. fxe3 Rxc1+ 27. Rxc1
bxa4 28. Bf3 Rf5 29. d5 Rxf3 30. gxf3 Qxd5 31. Qc2 Qg5+ 32. Kf2 Qh4+ 33. Kf1 a3
34. Qa2 Qh5 35. Rc2 Qb5+ 36. Qc4 a2 0-1

[Event "Pardubice Open A"]
[Site "?"]
[Date "2015.07.28"]
[Round "5.68"]
[White "BEREZOVICS, Alexander"]
[Black "GHENG, Josef"]
[Result "0-1"]
[WhiteElo "2226"]
[BlackElo "2376"]
[PlyCount "82"]
[EventDate "2015.??.??"]
[WhiteClock "0:30:59"]
[BlackClock "0:59:25"]

1. Nf3 Nf6 2. c4 e6 3. g3 d5 4. Bg2 Be7 5. O-O O-O 6. b3 c5 7. Bb2 Nc6 8. e3 b6
9. Qe2 Ba6 10. Nc3 Rc8 11. Rac1 Nb4 12. d3 Re8 13. Rfd1 Bf8 14. Ne5 Bb7 15. d4
cxd4 16. exd4 Qd6 17. a3 Nc6 18. cxd5 exd5 19. f4 Na5 20. Qf3 a6 21. Nb1 Ne4
22. Qd3 f6 23. Nf3 Qd7 24. Rxc8 Rxc8 25. Rc1 Rxc1+ 26. Bxc1 Qb5 27. Qxb5 axb5
28. Nfd2 b4 29. a4 Nc3 30. Bb2 Nxb1 31. Nxb1 Nxb3 32. Kf2 f5 33. Ke3 Kf7 34.
Bf1 Bc6 35. Ba6 Bxa4 36. Bb7 Ke6 37. Bc8+ Bd7 38. Ba6 b5 39. Kd3 Na5 40. Bc1
Kd6 41. Nd2 Kc6 0-1

[Event "Pardubice Open A"]
[Site "?"]
[Date "2015.07.28"]
[Round "5.69"]
[White "OGANIAN, Miran"]
[Black "DVORAK, Adam"]
[Result "1-0"]
[WhiteElo "2370"]
[BlackElo "2230"]
[PlyCount "171"]
[EventDate "2015.??.??"]
[WhiteClock "0:03:59"]
[BlackClock "0:09:13"]

1. d4 Nf6 2. c4 c5 3. d5 e6 4. Nc3 exd5 5. cxd5 d6 6. e4 g6 7. Nge2 Bg7 8. Ng3
a6 9. a4 h5 10. Be2 Nbd7 11. O-O h4 12. Nh1 Qc7 13. f4 b6 14. Bf3 Bb7 15. Qe1
O-O-O 16. Be3 Rde8 17. Qd2 Nh5 18. Nf2 f5 19. Rfe1 Kb8 20. exf5 gxf5 21. Bxh5
Rxh5 22. Bxc5 Rxe1+ 23. Qxe1 Rh8 24. Ba3 Nc5 25. Qe3 Ka7 26. a5 Bxc3 27. Qxc3
Rc8 28. Qd4 Nb3 29. axb6+ Qxb6 30. Qxb6+ Kxb6 31. Rd1 Rc2 32. Bxd6 Rxb2 33. Be7
Rd2 34. d6 Rxd1+ 35. Nxd1 Kc6 36. Ne3 Bc8 37. Nc4 Nc5 38. Bxh4 Be6 39. Ne3 Kxd6
40. Bf6 Ne4 41. Bd4 Ke7 42. h3 Nf6 43. Be5 a5 44. Kf2 a4 45. Kf3 a3 46. g4
fxg4+ 47. hxg4 a2 48. f5 Bb3 49. g5 Nd5 50. Ng4 Bd1+ 51. Kg3 Bxg4 52. Kxg4 Ne3+
53. Kf4 Nc2 54. g6 a1=Q 55. f6+ Kf8 56. Bxa1 Nxa1 57. Kg5 Nc2 58. g7+ Kf7 59.
Kh6 Nd4 60. Kh7 Kxf6 61. g8=Q Nf5 62. Qg6+ Ke5 63. Qg5 Ke6 64. Qf4 Ne7 65. Kg7
Nf5+ 66. Kf8 Nd6 67. Qg4+ Ke5 68. Ke7 Nf5+ 69. Kd7 Nd4 70. Qh3 Nf5 71. Kc6 Nd4+
72. Kc5 Ne6+ 73. Kc4 Nf4 74. Qf3 Ne6 75. Qe3+ Kd6 76. Qe4 Nc7 77. Qg6+ Ne6 78.
Qf6 Kd7 79. Kd5 Nc7+ 80. Ke5 Ne8 81. Qe6+ Kd8 82. Qf7 Nc7 83. Kd6 Nb5+ 84. Kc5
Nc7 85. Kc6 Ne8 86. Qd7# 1-0

[Event "Pardubice Open A"]
[Site "?"]
[Date "2015.07.28"]
[Round "5.70"]
[White "SZOTKOWSKI, Jakub"]
[Black "MONIN, Nikolay"]
[Result "1-0"]
[WhiteElo "2356"]
[BlackElo "2215"]
[PlyCount "61"]
[EventDate "2015.??.??"]
[WhiteClock "0:08:33"]
[BlackClock "0:14:00"]

1. d4 Nf6 2. c4 g6 3. g3 Bg7 4. Bg2 O-O 5. Nc3 d6 6. Nf3 Nbd7 7. O-O e5 8. e4
c6 9. h3 Qb6 10. d5 cxd5 11. cxd5 Nc5 12. Nd2 Bd7 13. Qc2 Rfc8 14. Re1 a5 15.
Bf1 Ne8 16. Nc4 Qd8 17. a4 f5 18. f3 Rab8 19. Qd1 b6 20. Kh2 Qf6 21. b3 f4 22.
g4 Qh4 23. Ba3 h5 24. gxh5 Qg3+ 25. Kh1 Bxh3 26. Ra2 Nxb3 27. Bxh3 Rxc4 28.
Be6+ Kf8 29. Rg1 Rxc3 30. Rxg3 fxg3 31. Bb2 1-0

[Event "Pardubice Open A"]
[Site "?"]
[Date "2015.07.28"]
[Round "5.71"]
[White "AHARON, Ofir"]
[Black "SOURAL, Jan"]
[Result "1-0"]
[WhiteElo "2355"]
[BlackElo "2225"]
[PlyCount "57"]
[EventDate "2015.??.??"]
[WhiteClock "0:05:22"]
[BlackClock "0:08:45"]

1. e4 c5 2. Nf3 e6 3. d4 cxd4 4. Nxd4 Nc6 5. Nc3 Qc7 6. Be3 a6 7. Be2 Nf6 8. a3
Bd6 9. h3 Be5 10. O-O O-O 11. f4 Nxd4 12. fxe5 Nxe2+ 13. Qxe2 Qxe5 14. Rad1 d5
15. Bc5 Re8 16. Bd4 Qh5 17. Qxh5 Nxh5 18. exd5 e5 19. Bb6 f5 20. Na4 Nf6 21. c4
Ne4 22. Bc7 b5 23. Nb6 Ra7 24. d6 bxc4 25. Nxc8 Rxc8 26. Rxf5 Nxd6 27. Bxd6 Rd7
28. Rxe5 Rcd8 29. Red5 1-0

[Event "Pardubice Open A"]
[Site "?"]
[Date "2015.07.28"]
[Round "5.72"]
[White "GRIGORIAN, Spartak"]
[Black "VARITSKI, Igor"]
[Result "0-1"]
[WhiteElo "2351"]
[BlackElo "2214"]
[PlyCount "108"]
[EventDate "2015.??.??"]
[WhiteClock "0:11:56"]
[BlackClock "0:17:53"]

1. Nf3 f5 2. g3 Nf6 3. Bg2 e6 4. c4 d5 5. O-O c6 6. Nc3 Bd6 7. d3 O-O 8. e4
dxe4 9. dxe4 e5 10. Re1 Nxe4 11. Nxe4 fxe4 12. Ng5 Bb4 13. Qh5 Bf5 14. Bxe4 Qe8
15. Qxe8 Rxe8 16. Rd1 Bxe4 17. Nxe4 Na6 18. Be3 Re7 19. a3 Ba5 20. Bg5 Rf7 21.
b4 Bb6 22. c5 Bc7 23. Ra2 h6 24. Be3 Rd8 25. Rad2 Rxd2 26. Rxd2 Nb8 27. Kg2 Rd7
28. Bxh6 Kf7 29. Be3 Rxd2 30. Nxd2 Ke6 31. Kf3 Kd5 32. Ke2 a5 33. Kd3 axb4 34.
axb4 Na6 35. Kc3 e4 36. Kb3 Nb8 37. Nc4 Nd7 38. Bc1 Ne5 39. Ne3+ Kd4 40. Kc2
Nd3 41. Bb2+ Nxb2 42. Kxb2 Kd3 43. Nf5 Be5+ 44. Kb3 Ke2 45. Nd6 Kf3 46. Kc4 b5+
47. Kb3 Bd4 48. Kc2 Bxf2 49. Nf7 Bd4 50. Ng5+ Ke3 51. Ne6 Bf6 52. g4 Kf2 53.
Nf4 Be5 54. Ng6 Bxh2 0-1

[Event "Pardubice Open A"]
[Site "?"]
[Date "2015.07.28"]
[Round "5.73"]
[White "SPALIR, Jernej"]
[Black "MANIGK, Sebastian"]
[Result "1-0"]
[WhiteElo "2346"]
[BlackElo "2214"]
[PlyCount "69"]
[EventDate "2015.??.??"]
[WhiteClock "0:36:07"]
[BlackClock "0:01:38"]

1. d4 Nf6 2. c4 e6 3. Nf3 Bb4+ 4. Bd2 c5 5. Bxb4 cxb4 6. g3 b6 7. Bg2 Bb7 8. a3
bxa3 9. Rxa3 a5 10. Nc3 O-O 11. O-O Na6 12. d5 Nc5 13. Qd4 exd5 14. cxd5 Re8
15. Ne5 Qe7 16. Nc4 d6 17. Nxb6 Ra6 18. Nc4 a4 19. Bf3 Qd7 20. Qf4 h5 21. Rd1
Ng4 22. Ne4 Nxe4 23. Bxe4 Qb5 24. Bf3 Ne5 25. Nxe5 Rxe5 26. Qd4 Bc8 27. Rc3 Bd7
28. Rc7 Be8 29. Rc8 Rb6 30. Rd2 Kf8 31. Rdc2 Qb3 32. Qh4 Qb4 33. Qd8 Re7 34.
R2c7 Rxc7 35. Qxe8# 1-0

[Event "Pardubice Open A"]
[Site "?"]
[Date "2015.07.28"]
[Round "5.74"]
[White "DORST, Johannes"]
[Black "KOZUSEK, Daniel"]
[Result "1/2-1/2"]
[WhiteElo "2207"]
[BlackElo "2346"]
[PlyCount "113"]
[EventDate "2015.??.??"]
[WhiteClock "0:16:44"]
[BlackClock "0:28:44"]

1. e4 c5 2. Nf3 d6 3. d4 cxd4 4. Nxd4 Nf6 5. Nc3 a6 6. h3 e5 7. Nde2 h5 8. g3
b5 9. Bg2 Bb7 10. Bg5 Be7 11. Bxf6 Bxf6 12. Nd5 h4 13. g4 Bg5 14. a4 Nc6 15.
axb5 axb5 16. Rxa8 Bxa8 17. O-O Ne7 18. Nec3 Bxd5 19. Nxd5 O-O 20. Nxe7+ Qxe7
21. Qd3 b4 22. Ra1 Qc7 23. Ra4 Qc5 24. Bf1 Rc8 25. b3 Qxc2 26. Qxc2 Rxc2 27.
Rxb4 Bd2 28. Rb8+ Kh7 29. Bc4 f6 30. Kf1 Bc3 31. Bg8+ Kh6 32. Rc8 Kg5 33. Kg2
Rc1 34. b4 Bb2 35. Rxc1 Bxc1 36. b5 Bb2 37. b6 Bd4 38. b7 Ba7 39. Kf3 Bb8 40.
Bc4 Ba7 41. Bb3 Bb8 42. Bc4 Ba7 43. Bf1 g6 44. Bc4 Kh6 45. Ke2 Kg7 46. Kd3 Kf8
47. Bb5 Ke7 48. Kc4 Kd8 49. Kd5 Ke7 50. Kc6 Bb8 51. Bc4 g5 52. f3 Kd8 53. Be6
Ke7 54. Bc4 Kd8 55. Kd5 Ke7 56. Bb5 Ba7 57. Kc6 1/2-1/2

[Event "Pardubice Open A"]
[Site "?"]
[Date "2015.07.28"]
[Round "5.75"]
[White "KRENSING, Jan"]
[Black "KUEGEL, Tobias"]
[Result "1/2-1/2"]
[WhiteElo "2344"]
[BlackElo "2207"]
[PlyCount "107"]
[EventDate "2015.??.??"]
[WhiteClock "0:08:03"]
[BlackClock "0:22:05"]

1. c4 e5 2. Nc3 Nf6 3. g3 d5 4. cxd5 Nxd5 5. Bg2 Be6 6. Nf3 Nc6 7. O-O Be7 8.
d4 exd4 9. Nxd4 Nxd4 10. Qxd4 Nxc3 11. Qxc3 O-O 12. Be3 c6 13. Rfd1 Qc7 14. Bd4
f6 15. b4 a5 16. Qe3 Kf7 17. Bb6 Qe5 18. Qxe5 fxe5 19. bxa5 Bd8 20. Rdb1 Bxb6
21. Rxb6 Rxa5 22. Rxb7+ Kf6 23. Bxc6 Rxa2 24. Rxa2 Bxa2 25. Be4 h6 26. f3 Be6
27. Kf2 Rf7 28. Rb6 Ke7 29. Bd3 Rf8 30. Ke3 Rd8 31. f4 Rd6 32. Rb7+ Rd7 33.
Rxd7+ Bxd7 34. fxe5 g5 35. Bc4 Bf5 36. Kd4 Bg4 37. Ke4 Kf8 38. e6 Ke7 39. Ke5
Bh3 40. Bd5 Bg4 41. Bc4 Bh3 42. e3 Bg4 43. h4 Bh3 44. hxg5 hxg5 45. Ke4 Bg4 46.
Ke5 Bh3 47. Bd3 Bxe6 48. Bf5 Bf7 49. Bc8 Bg6 50. e4 Bh7 51. Bf5 Bg8 52. Bg4 Bh7
53. Bh5 Kf8 54. Kf6 1/2-1/2

[Event "Pardubice Open A"]
[Site "?"]
[Date "2015.07.28"]
[Round "5.76"]
[White "PARAMZINA, Anastasya"]
[Black "SHILOV, Sergej"]
[Result "1/2-1/2"]
[WhiteElo "2328"]
[BlackElo "2201"]
[PlyCount "103"]
[EventDate "2015.??.??"]
[WhiteClock "0:10:23"]
[BlackClock "0:09:00"]

1. e4 d6 2. d4 Nf6 3. Nc3 g6 4. Be3 Bg7 5. Qd2 c6 6. O-O-O O-O 7. f3 b5 8. h4
b4 9. Nce2 Qa5 10. Kb1 h5 11. Nh3 c5 12. dxc5 dxc5 13. e5 Be6 14. c4 bxc3 15.
Nxc3 Nfd7 16. Nd5 Qa4 17. Nhf4 Bf5+ 18. Bd3 Bxd3+ 19. Nxd3 Nc6 20. b3 Qa3 21.
Nb2 Ndxe5 22. f4 c4 23. fxe5 cxb3 24. axb3 Rab8 25. Rc1 Rxb3 26. Rxc6 Rfb8 27.
Rc2 Bxe5 28. Bd4 Rd3 29. Nxe7+ Kh7 30. Qf2 Qxe7 31. Bxe5 Qxe5 32. Qxf7+ Kh6 33.
Rf1 Rd4 34. Qf2 Re8 35. Qf6 Qxf6 36. Rxf6 Rxh4 37. Nc4 Re1+ 38. Kb2 Rg4 39. Nd6
Rg1 40. Rff2 h4 41. Nf7+ Kg7 42. Ne5 Rb4+ 43. Kc3 Rb7 44. Kd2 Rh1 45. Ke3 Re1+
46. Rfe2 Rxe2+ 47. Rxe2 Kf6 48. Kf2 a5 49. Nc6 a4 50. Ra2 Rb6 51. Nd4 Rb4 52.
Nc2 1/2-1/2

[Event "Pardubice Open A"]
[Site "?"]
[Date "2015.07.28"]
[Round "5.77"]
[White "MAREK, Matyas"]
[Black "BREMNER, Adam"]
[Result "1-0"]
[WhiteElo "2326"]
[BlackElo "2189"]
[PlyCount "103"]
[EventDate "2015.??.??"]
[WhiteClock "0:01:55"]
[BlackClock "0:31:29"]

1. e4 c5 2. Nf3 d6 3. d4 cxd4 4. Nxd4 Nf6 5. Nc3 g6 6. Be3 Bg7 7. f3 O-O 8. Bc4
Nc6 9. Qd2 Bd7 10. O-O-O Rc8 11. Bb3 Ne5 12. Kb1 Re8 13. g4 b5 14. Bh6 Bxh6 15.
Qxh6 Rxc3 16. bxc3 Qa5 17. Qd2 Rc8 18. g5 Nh5 19. Kb2 Qc7 20. f4 Nc4+ 21. Bxc4
Qxc4 22. f5 e5 23. fxe6 fxe6 24. Nb3 Nf4 25. Qe3 e5 26. Rxd6 Bg4 27. Qd2 Qc7
28. Re1 a5 29. Re3 a4 30. Nc1 a3+ 31. Kxa3 Ra8+ 32. Kb2 Be6 33. Nb3 Qe7 34. Re1
Qxg5 35. Rd1 Ra4 36. Rd8+ Kg7 37. Qd6 Qf6 38. Qc7+ Kh6 39. Qb7 Ne2 40. R8d6 Qf2
41. Rxe6 Nxc3 42. Rd2 Qe3 43. Ra6 Rd4 44. Rxd4 exd4 45. Ra7 b4 46. Qxh7+ Kg5
47. h4+ Kg4 48. Qxg6+ Kh3 49. Qf5+ Kh2 50. Qf1 Nxe4 51. Rg7 Ng3 52. Qd3 1-0

[Event "Pardubice Open A"]
[Site "?"]
[Date "2015.07.28"]
[Round "5.78"]
[White "VOLODIN, Viktor"]
[Black "KELLER, Peter"]
[Result "0-1"]
[WhiteElo "2158"]
[BlackElo "2319"]
[PlyCount "100"]
[EventDate "2015.??.??"]
[WhiteClock "0:24:02"]
[BlackClock "0:42:58"]

1. Nf3 d5 2. d4 Nf6 3. c4 c6 4. Nc3 e6 5. Qb3 dxc4 6. Qxc4 b5 7. Qb3 a6 8. g3
c5 9. Bg2 Bb7 10. dxc5 Bxc5 11. O-O O-O 12. Bg5 Nbd7 13. Rad1 Qb6 14. Rd3 h6
15. Bxf6 Nxf6 16. Ne5 Bxg2 17. Kxg2 Rfd8 18. Rxd8+ Rxd8 19. Nd3 Bd4 20. Rc1 Ng4
21. Nd1 Qb7+ 22. Kg1 Qe4 23. Qc2 Bb6 24. h3 Ne5 25. Nxe5 Qxe5 26. Kg2 Qd5+ 27.
Kg1 Qxa2 28. Nc3 Qc4 29. Ne4 Qb4 30. b3 f5 31. Qc6 Qxe4 32. Qxb6 Rd2 33. e3 Qd5
34. b4 Ra2 35. h4 Kh7 36. Qc5 Qd2 37. Rf1 Ra4 38. Qc6 Qxb4 39. Qxe6 Qe4 40. Qb6
Qg4 41. Qc6 Ra3 42. Qe8 b4 43. Rc1 Rc3 44. Rxc3 bxc3 45. Qc6 Qd1+ 46. Kg2 Qd3
47. Kg1 h5 48. Qf3 Qe4 49. Qxh5+ Kg8 50. Qg5 Qc6 0-1